000 00598nam a2200217 i 4500
001 114848
003 ES-MaACL
005 20230906190250.0
007 t|
008 070403s1963 sp ||||1| spa d
080 _a621.3(02)
100 1 _aMartín Romero, J.
_977636
245 1 0 _aElectricidad /
_cJ. Martín Romero.
260 _aBarcelona :
_bRamón Sopena,
_c[1963]
300 _a962 p. :
_bil. ;
_c22 cm.
490 1 _aBiblioteca Hispania
650 4 _aElectrotecnia.
_912169
830 0 _aBiblioteca Hispania
_9182087
852 _aES-MaACL
_jC-25015
_bR.53899
999 _c114848
_d114848